Eastern Utah Libraries Catalog: Duchesne, Heber, Roosevelt, & Vernal

The hard way : (Record no. 40511)

MARC details
000 -LEADER
fixed length control field 01371cam a2200397 a 4500
003 - CONTROL NUMBER IDENTIFIER
control field OCoLC
005 - DATE AND TIME OF LATEST TRANSACTION
control field 20241220115406.0
008 - FIXED-LENGTH DATA ELEMENTS--GENERAL INFORMATION
fixed length control field 050805s2006 nyu 000 1 eng
001 - CONTROL NUMBER
control field ocm61285702
010 ## - LIBRARY OF CONGRESS CONTROL NUMBER
LC control number 2005051946
020 ## - INTERNATIONAL STANDARD BOOK NUMBER
International Standard Book Number 0385336691
024 3# - OTHER STANDARD IDENTIFIER
Standard number or code 9780385336697
035 ## - SYSTEM CONTROL NUMBER
System control number (Sirsi) i9780385336697
040 ## - CATALOGING SOURCE
Original cataloging agency DLC
Transcribing agency DLC
Modifying agency BAKER
-- C#P
-- VP@
-- UINTA
043 ## - GEOGRAPHIC AREA CODE
Geographic area code n-us-ny
049 ## - LOCAL HOLDINGS (OCLC)
Holding library UCLB
050 00 - LIBRARY OF CONGRESS CALL NUMBER
Classification number PS3553.H4838
Item number H37 2006
082 00 - DEWEY DECIMAL CLASSIFICATION NUMBER
Classification number 813/.54
Edition number 22
092 ## - LOCALLY ASSIGNED DEWEY CALL NUMBER (OCLC)
Classification number CHILD
100 1# - MAIN ENTRY--PERSONAL NAME
Personal name Child, Lee.
9 (RLIN) 44627
245 14 - TITLE STATEMENT
Title The hard way :
Remainder of title a Jack Reacher novel /
Statement of responsibility, etc Lee Child.
260 ## - PUBLICATION, DISTRIBUTION, ETC. (IMPRINT)
Place of publication, distribution, etc New York :
Name of publisher, distributor, etc Delacorte Press,
Date of publication, distribution, etc 2006.
300 ## - PHYSICAL DESCRIPTION
Extent 371 p. ;
Dimensions 24 cm.
650 #0 - SUBJECT ADDED ENTRY--TOPICAL TERM
Topical term or geographic name as entry element Reacher, Jack (Fictitious character)
Form subdivision Fiction.
9 (RLIN) 5674707
650 #0 - SUBJECT ADDED ENTRY--TOPICAL TERM
Topical term or geographic name as entry element Ex-police officers
Form subdivision Fiction.
9 (RLIN) 5674708
650 #0 - SUBJECT ADDED ENTRY--TOPICAL TERM
Topical term or geographic name as entry element Mercenary troops
Form subdivision Fiction.
9 (RLIN) 5695813
651 #0 - SUBJECT ADDED ENTRY--GEOGRAPHIC NAME
Geographic name New York (N.Y.)
Form subdivision Fiction.
9 (RLIN) 5673704
650 #0 - SUBJECT ADDED ENTRY--TOPICAL TERM
Topical term or geographic name as entry element Kidnapping
Form subdivision Fiction.
9 (RLIN) 5673693
655 #0 - INDEX TERM--GENRE/FORM
Genre/form data or focus term Suspense fiction.
9 (RLIN) 6162489
856 42 - ELECTRONIC LOCATION AND ACCESS
Materials specified Contributor biographical information
Uniform Resource Identifier <a href="http://www.loc.gov/catdir/enhancements/fy0625/2005051946-b.html">http://www.loc.gov/catdir/enhancements/fy0625/2005051946-b.html</a>
856 42 - ELECTRONIC LOCATION AND ACCESS
Materials specified Publisher description
Uniform Resource Identifier <a href="http://www.loc.gov/catdir/enhancements/fy0625/2005051946-d.html">http://www.loc.gov/catdir/enhancements/fy0625/2005051946-d.html</a>
938 ## -
-- Baker & Taylor
-- BKTY
-- 25.00
-- 18.75
-- 0385336691
-- 0006572564
-- active
942 ## - ADDED ENTRY ELEMENTS (KOHA)
Koha item type BOOK
994 ## -
-- C0
-- UINTA
998 ## - LOCAL CONTROL INFORMATION (RLIN)
-- a92053
Holdings
Withdrawn status Lost status Source of classification or shelving scheme Damaged status Not for loan Collection code Home library Current library Shelving location Date acquired Source of acquisition Cost, normal purchase price Total Checkouts Total Renewals Full call number Barcode Date last seen Date checked out Cost, replacement price Price effective from Koha item type
    Dewey Decimal Classification     Fiction Wasatch County Library Wasatch County Library First Floor 08/10/2017 Donation 25.00 45 19 F Child 34301001619420 02/27/2026 01/30/2026 25.00 03/20/2020 BOOK
This project was made possible through a grant from the Institute of Museum and Library Service administered by the Utah State Library Division.

Wasatch County Library

  • 465 East 1200 South, Heber City, Utah 84032
  • Phone 435-654-1511 | Fax 435-654-6456

Hours

  • Monday - Friday 9:30 AM - 8:00 PM
  • Saturday 9:30 AM - 1:30 PM
  • Closed Sundays and Holidays